003620000a22001090004500090001700000245012400017041001400141100002800155942001300183773003900196999001700235 aASbSeriadas10aComposición florística de la bioflora de la serranía del Perijá (): distribución y ecología0 aEspañol1 aAguirre C., Jaime93749 cARTICULO1 tCaldasia345h1q181-201d2001g23 c14339d14339